[Event "HCL-B239"]
[Site "www.playchess.de"]
[Date "2001.04.02"]
[Round "9"]
[White "Inge_Heumann"]
[Black "showgun"]
[WhiteElo "1895"]
[BlackElo "1200"]
[PlyCount "33"]
[Result "1-0"]

1.e4 {Hi! I`ll hope you have a nice game!}  e6 {I 
hope too}  2.d4 c6 3.Nf3 Be7 {Quel âge a-tu?}  
4.Bd3 {I´m 31 years old.}  d5 {Me 42, bonne chance 
body!}  5.e5 h6 6.Be3 Nd7 7.O-O Qc7 8.Nbd2 Qb6 
9.Qc1 a6 10.c4 f6 11.exf6 Ndxf6 12.Ne5 Qc7 13.c5 
Nh5 14.Ng6 Ngf6 15.Nxh8 Ng4 16.Nf3 b6 
17.Bg6+ 1-0

[Event "ACL-A126"]
[Site "www.playchess.de"]
[Date "2001.04.02"]
[Round "11"]
[White "hercos"]
[Black "Danielqb"]
[WhiteElo "1500"]
[BlackElo "1500"]
[PlyCount "21"]
[Result "1-0"]

1.e4 e5 {Bom dia! De onde vc é, hercos?}  2.Nf3 
Nc6 3.d4 Nxd4 4.Nxd4 Bc5 5.Be3 Nf6 6.Ne6 fxe6 
7.Bxc5 Nxe4 8.Qh5+ g6 9.Qxe5 Nf6 10.Bd4 O-O 
11.Nd2 1-0

[Event "ACL-A131"]
[Site "www.playchess.de"]
[Date "2001.04.02"]
[Round "12"]
[White "Iaret"]
[Black "liero2"]
[WhiteElo "1724"]
[BlackElo "1500"]
[PlyCount "31"]
[Result "1-0"]

1.e4 e5 2.Nf3 d6 3.d4 exd4 4.Qxd4 Nc6 5.Bb5 Bd7 
6.Bxc6 Bxc6 7.Bg5 Be7 8.Bxe7 Qxe7 9.Nc3 Nf6 
10.O-O-O O-O 11.Rhe1 b6 12.Qc4 Bb7 13.e5 dxe5 
14.Rxe5 Qc5 15.Rxc5 bxc5 16.Ne5 1-0

[Event "HCL-B247"]
[Site "www.playchess.de"]
[Date "2001.04.02"]
[Round "8"]
[White "gigabyte"]
[Black "Whatever"]
[WhiteElo "1818"]
[BlackElo "1505"]
[PlyCount "100"]
[Result "1/2-1/2"]

1.d4 Nf6 2.Nc3 g6 3.e4 d6 4.Bd3 Bg7 5.Nf3 O-O 6.e5 
dxe5 7.Nxe5 Nbd7 8.Nxd7 Bxd7 9.O-O Bc6 10.Be3 Nd5 
11.Ne4 Nb4 12.Qf3 Nxd3 13.cxd3 f5 14.Qh3 fxe4 
15.dxe4 Qd7 16.Qxd7 Bxd7 17.Rac1 c6 18.f4 Rad8 
19.Rc4 a5 20.Rc5 Be6 21.Rxa5 Bxd4 22.Bxd4 Rxd4 
23.f5 gxf5 24.exf5 Bd5 25.Ra7 Rb4 26.b3 Kf7 27.Rf2 
Rg8 28.g3 Kf6 29.Rf1 Rg5 30.Ra8 Re4 31.Rf8+ Kg7 
32.Rb8 b5 33.Rb7 Re2 34.Rxe7+ Rxe7 35.f6+ Kf7 
36.fxe7+ Kxe7 37.Rf4 Re5 38.Rh4 h5 39.Kf2 Kf6 
40.g4 hxg4 41.Rxg4 Rg5 42.Rxg5 Kxg5 43.Ke3 c5 
44.Kd3 Kg4 45.a4 Bxb3 46.axb5 Bd5 {Was I a little 
careless here??}  47.b6 Kh3 48.b7 Bxb7 49.Kc4 Kxh2 
50.Kxc5 Bh1 {Now that we checked if the program 
has automatic draw control - let's do it 
ourselves.}  1/2-1/2

[Event "HCL-B233"]
[Site "www.playchess.de"]
[Date "2001.04.02"]
[Round "17"]
[White "Hamburger"]
[Black "bundori"]
[WhiteElo "1491"]
[BlackElo "1501"]
[PlyCount "60"]
[Result "0-1"]

1.d4 e6 2.c4 Nf6 3.Nc3 Bb4 4.Bg5 h6 5.Bh4 c5 6.a3 
Bxc3+ 7.bxc3 Qa5 8.Qd3 cxd4 9.Bxf6 gxf6 10.Qxd4 e5 
11.Qd2 b6 12.e4 Bb7 13.f3 Na6 14.Ne2 Nc5 15.Nc1 
Rc8 16.Qb2 Qa4 17.Ra2 Qc6 18.Qb5 Qe6 19.Be2 f5 
20.exf5 Qxf5 21.O-O Qg5 22.Kh1 Rg8 23.Rg1 e4 
24.Qb1 exf3 25.Bxf3 Bxf3 26.Re1+ Be4 27.Rxe4+ Nxe4 
28.Qxe4+ Kd8 29.Ne2 Re8 30.Qb1 
Rxc4 0-1

[Event "HCL-B233"]
[Site "www.playchess.de"]
[Date "2001.04.02"]
[Round "27"]
[White "MP"]
[Black "runciter"]
[WhiteElo "1151"]
[BlackElo "1545"]
[PlyCount "52"]
[Result "0-1"]

1.d4 Nf6 2.Nf3 g6 3.c4 Bg7 4.Nc3 O-O 5.Bg5 d5 6.e3 
c6 7.cxd5 cxd5 8.Be2 Bf5 9.O-O Ne4 10.Bh4 Nd7 
11.Rc1 Ndf6 12.Qb3 Nxc3 13.bxc3 b6 14.c4 dxc4 
15.Rxc4 Be6 16.Qb4 Bxc4 17.Bxc4 Qd6 18.Qxd6 exd6 
19.h3 Rac8 20.Bb3 Rc7 21.g4 Rfc8 22.Nd2 R7c1 
23.Nc4 Rxf1+ 24.Kxf1 Ne4 25.f3 Rxc4 26.Bxc4 
Nd2+ 0-1

[Event "HCL-B233"]
[Site "www.playchess.de"]
[Date "2001.04.02"]
[Round "28"]
[White "bundori"]
[Black "MP"]
[WhiteElo "1501"]
[BlackElo "1151"]
[PlyCount "49"]
[Result "1-0"]

1.c4 c5 2.Nc3 Nc6 3.g3 g6 4.Bg2 Bg7 5.e4 e5 6.Nge2 
Nf6 7.O-O O-O 8.d3 d6 9.h3 Be6 10.Nd5 Nd4 11.Bg5 
h6 12.Nxf6+ Bxf6 13.Bxh6 Bg7 14.Bxg7 Kxg7 15.Nxd4 
cxd4 16.f4 exf4 17.Rxf4 Qd7 18.g4 f6 19.Qd2 a6 
20.Qf2 b5 21.Qxd4 bxc4 22.dxc4 Rac8 23.b3 a5 
24.Raf1 Qe7 25.g5 1-0

[Event "ACL-E009"]
[Site "www.playchess.de"]
[Date "2001.04.02"]
[Round "7"]
[White "deepcover"]
[Black "Bauernopfer"]
[WhiteElo "1732"]
[BlackElo "1638"]
[PlyCount "55"]
[Result "1-0"]

1.e4 e5 2.Nf3 Nc6 3.d4 exd4 4.Nxd4 Nf6 5.Nc3 d6 
6.Bb5 Bd7 7.Bxc6 Bxc6 8.Qd3 Qd7 9.O-O O-O-O 
10.Nxc6 Qxc6 11.Be3 a6 12.Nd5 Nxd5 13.exd5 Qd7 
14.Rae1 Be7 15.Bd4 Rdg8 16.Re2 h6 17.Rfe1 Bf6 
18.Bxf6 gxf6 19.Qd4 Qf5 20.R2e7 Qg6 21.g3 Kb8 
22.Rxc7 Kxc7 23.Re7+ Kd8 24.Rxb7 Qxc2 25.Qb6+ Kc8 
26.Re7 Qd1+ 27.Kg2 Qxd5+ 28.f3 1-0

[Event "ACL-E009"]
[Site "www.playchess.de"]
[Date "2001.04.02"]
[Round "8"]
[White "dzwonek"]
[Black "deepcover"]
[WhiteElo "1655"]
[BlackElo "1732"]
[PlyCount "67"]
[Result "1-0"]

1.d4 d5 2.Nf3 Nf6 3.c4 c6 4.e3 Bf5 5.Nc3 e6 6.Bd3 
Bxd3 7.Qxd3 dxc4 8.Qxc4 Nbd7 9.e4 c5 10.Be3 Rc8 
11.d5 exd5 12.Nxd5 Nxd5 13.Qxd5 Qa5+ 14.Bd2 Qc7 
15.Bc3 Nb6 16.Qg5 h6 17.Qc1 f6 18.e5 f5 19.Qc2 g6 
20.O-O Be7 21.e6 O-O 22.Ne5 Kh7 23.Rfe1 Bd6 24.h4 
Bxe5 25.Rxe5 Nc4 26.Ree1 Qe7 27.Rad1 Nb6 28.h5 
gxh5 29.Re5 Kg8 30.Rxf5 Qh7 31.Rxf8+ Rxf8 32.Rd3 
h4 33.Qe2 Qf5 34.Rf3 1-0

[Event "HCL-B250"]
[Site "www.playchess.de"]
[Date "2001.04.02"]
[Round "11"]
[White "Bauernopfer"]
[Black "pfff5"]
[WhiteElo "1336"]
[BlackElo "1237"]
[PlyCount "87"]
[Result "1-0"]

1.e4 e5 2.Bc4 Nf6 3.d3 Bc5 4.Nf3 h6 5.Nxe5 O-O 
6.O-O d6 7.Nf3 Bg4 8.h3 Bh5 9.Nc3 Nc6 10.Nd5 Nxd5 
11.Bxd5 Nd4 12.g4 Bg6 13.Nxd4 Bxd4 14.c3 Bb6 
15.Bxb7 Rb8 16.Bd5 Qh4 17.Qf3 Kh8 18.b3 f6 19.Be3 
h5 20.Bxb6 axb6 21.gxh5 Bxh5 22.Qg3 Qxg3+ 23.fxg3 
Be2 24.Rfe1 Bxd3 25.c4 b5 26.Re3 bxc4 27.bxc4 Rb1+ 
28.Rxb1 Bxb1 29.a3 Kh7 30.Kf2 Rb8 31.g4 g5 32.a4 
Rb2+ 33.Ke1 Ra2 34.Rb3 Bc2 35.Rb7 Rxa4 36.Rxc7+ 
Kg6 37.Kd2 Bb3 38.Be6 f5 39.exf5+ Kf6 40.Kc3 Bd1 
41.Kd4 Rxc4+ 42.Bxc4 d5 43.Bxd5 Bb3 
44.Rf7+ 1-0

[Event "HCL-B257"]
[Site "www.playchess.de"]
[Date "2001.04.02"]
[Round "2"]
[White "herrDokter"]
[Black "raichu"]
[WhiteElo "1200"]
[BlackElo "1850"]
[PlyCount "22"]
[Result "0-1"]

1.e4 {hello and good luck}  e5 {Ciao good luck}  
2.Nf3 Nc6 3.Nc3 Bc5 4.Bc4 d6 5.d3 h6 6.Nh4 Qxh4 
7.g3 Qg4 8.f3 Qh5 9.Nd5 Bb6 10.g4 Qh4+ 11.Ke2 
Qf2+ 0-1

[Event "HCL-B257"]
[Site "www.playchess.de"]
[Date "2001.04.02"]
[Round "7"]
[White "Whatever"]
[Black "raichu"]
[WhiteElo "1512"]
[BlackElo "1850"]
[PlyCount "31"]
[Result "1/2-1/2"]

1.e4 e5 {good luck}  2.Nf3 {Have a great game.}  
Nc6 3.Bc4 Bc5 4.b4 Bxb4 5.c3 Be7 6.d4 d6 7.dxe5 
Be6 8.Bxe6 fxe6 9.Qb3 Qc8 10.exd6 cxd6 11.Ng5 Bxg5 
12.Bxg5 Nf6 13.f3 O-O 14.Nd2 h6 15.Bh4 Kh8 
16.Nc4 1/2-1/2

[Event "HCL-B257"]
[Site "www.playchess.de"]
[Date "2001.04.02"]
[Round "9"]
[White "Whatever"]
[Black "herrDokter"]
[WhiteElo "1512"]
[BlackElo "1200"]
[PlyCount "39"]
[Result "1-0"]

1.e4 {Have a good game.}  e5 {thanks, good game 
also}  2.Nf3 Nc6 3.Bc4 Nh6 4.d3 Bc5 5.O-O d6 6.h3 
a6 7.Nc3 b5 8.Bb3 Qf6 9.Nd5 Qd8 10.Bg5 f6 11.Bxh6 
gxh6 12.Nh4 Rg8 13.Qh5+ Kf8 14.Qxh6+ Rg7 15.Nxf6 
Bxh3 16.Nxh7+ Ke8 17.Qxg7 Qe7 18.Nf6+ Qxf6 {nice 
attack, I can only run}  19.Qxf6 Rd8 
20.Qf7+ 1-0

[Event "HCL-B259"]
[Site "www.playchess.de"]
[Date "2001.04.02"]
[Round "6"]
[White "lonewolf"]
[Black "andersonmello"]
[WhiteElo "1613"]
[BlackElo "1200"]
[PlyCount "43"]
[Result "1-0"]

1.c4 e5 2.Nf3 e4 3.Nd4 c5 4.Nb3 Nf6 5.Nc3 d5 
6.cxd5 c4 7.Nd4 Qa5 8.e3 Bc5 9.Bxc4 Bxd4 10.exd4 
O-O 11.d3 Re8 12.O-O a6 13.dxe4 Nxe4 14.Nxe4 Rxe4 
15.Bg5 Qb6 16.Re1 Bf5 17.Rxe4 Bxe4 18.Qa4 Kf8 
19.Qa3+ Kg8 20.Qe7 Nc6 21.dxc6 Qxb2 
22.Re1 1-0

[Event "HCL-B259"]
[Site "www.playchess.de"]
[Date "2001.04.02"]
[Round "32"]
[White "andersonmello"]
[Black "Bill"]
[WhiteElo "1200"]
[BlackElo "1327"]
[PlyCount "48"]
[Result "0-1"]

1.e4 c5 2.Nf3 d6 3.d4 cxd4 4.Nxd4 Nf6 5.Nc3 g6 
6.Nf3 Nfd7 7.Bg5 Bg7 8.Nd5 Bxb2 9.Rb1 Bf6 10.Bxf6 
Nxf6 11.Nxf6+ exf6 12.Qd5 Nc6 13.Bb5 Qc7 14.Rd1 
O-O 15.Qxd6 Qa5+ 16.c3 Qxb5 17.Qxf6 Qc4 18.Nd2 
Qxa2 19.h4 h5 20.f3 Rd8 21.f4 Bg4 22.O-O Bxd1 
23.f5 Rxd2 24.Qg5 Bg4 0-1

[Event "ACL-A121"]
[Site "www.playchess.de"]
[Date "2001.04.02"]
[Round "1"]
[White "Matti"]
[Black "gigabyte"]
[WhiteElo "1500"]
[BlackElo "1500"]
[PlyCount "56"]
[Result "0-1"]

1.d4 d5 2.c4 dxc4 3.e4 Nc6 4.Be3 Nf6 5.e5 Bg4 6.f3 
Nd5 7.Bf2 Bf5 8.Bxc4 e6 9.Nc3 Qg5 10.Bxd5 Qxg2 
11.f4 exd5 12.Qf3 Qxf3 13.Nxf3 Nb4 14.O-O O-O-O 
15.Ng5 Rd7 16.a3 Nd3 17.b4 h6 18.Nf3 Bh3 19.Rfd1 
Nxf4 20.Bg3 g5 21.Kf2 Ne6 22.Rac1 h5 23.Kg1 Bg4 
24.Kg2 h4 25.Be1 Bh6 26.Rc2 f6 27.exf6 Rf8 28.Rdc1 
Bxf3+ 0-1

[Event "ACL-A138"]
[Site "www.playchess.de"]
[Date "2001.04.02"]
[Round "31"]
[White "Emma2001"]
[Black "Amikelhenry"]
[WhiteElo "1500"]
[BlackElo "1500"]
[PlyCount "20"]
[Result "0-1"]

1.e4 e5 2.Bc4 Nf6 3.Qf3 Nc6 4.g4 Nd4 5.Qc3 Nxe4 
6.Qd3 d5 7.Nf3 Qf6 8.Bxd5 Nxf3+ 9.Ke2 Ng1+ 10.Kd1 
Nxf2+ 0-1

[Event "ACL-A138"]
[Site "www.playchess.de"]
[Date "2001.04.02"]
[Round "34"]
[White "Bastian1"]
[Black "Emma2001"]
[WhiteElo "1500"]
[BlackElo "1500"]
[PlyCount "43"]
[Result "1-0"]

1.e4 e5 2.Nf3 Nf6 3.Nc3 Nc6 4.d4 exd4 5.Nxd4 Nxd4 
6.Qxd4 c6 7.Bd3 d5 8.exd5 cxd5 9.Nxd5 Qxd5 10.Qxd5 
Nxd5 11.Bb5+ Bd7 12.Bxd7+ Kxd7 13.O-O Rc8 14.Be3 
Nxe3 15.fxe3 Rxc2 16.Rxf7+ Kc8 17.b3 Re2 18.Raf1 
Bc5 19.Rc1 b6 20.b4 Rxe3 21.b5 a5 
22.bxa6 1-0

[Event "HCL-B265"]
[Site "www.playchess.de"]
[Date "2001.04.02"]
[Round "2"]
[White "quant"]
[Black "Fringe"]
[WhiteElo "1254"]
[BlackElo "1600"]
[PlyCount "44"]
[Result "1/2-1/2"]

1.e4 e5 {have a good game and a good tournament}  
2.Nf3 {you,too.}  Nc6 3.Bb5 a6 4.Ba4 Nf6 5.O-O Be7 
{how old are you ?}  6.Re1 {23nyou?}  b5 {34}  
7.Bb3 d6 8.c3 O-O 9.h3 Bb7 10.a4 Re8 11.d4 Bf8 
12.d5 Nb8 13.Bg5 Nbd7 14.Nbd2 Be7 15.Nf1 Nc5 
16.Bc2 c6 17.axb5 axb5 18.Rxa8 Bxa8 19.dxc6 Bxc6 
20.Ng3 g6 21.Nh2 Ne6 22.Be3 d5 1/2-1/2

[Event "HCL-B267"]
[Site "www.playchess.de"]
[Date "2001.04.02"]
[Round "6"]
[White "SAROS"]
[Black "Mother_Teresa"]
[WhiteElo "1276"]
[BlackElo "1173"]
[PlyCount "39"]
[Result "1/2-1/2"]

1.e4 {hello again}  e5 2.Nf3 Nc6 3.c3 Nf6 4.Bd3 
Bc5 5.Bc2 O-O 6.b4 Bb6 7.Na3 Ng4 8.O-O d6 9.Nc4 
Be6 10.Nxb6 axb6 11.a3 d5 12.d3 dxe4 13.dxe4 Bc4 
14.Qxd8 Rfxd8 15.Rd1 Rxd1+ 16.Bxd1 h6 17.Nd2 Be6 
18.h3 Nf6 19.f3 g5 20.Nf1 1/2-1/2

[Event "ACL-E011"]
[Site "www.playchess.de"]
[Date "2001.04.02"]
[Round "6"]
[White "Dany"]
[Black "Bauernopfer"]
[WhiteElo "1419"]
[BlackElo "1623"]
[PlyCount "21"]
[Result "1-0"]

1.d4 d5 2.c4 dxc4 3.e3 b5 4.a4 c6 5.axb5 cxb5 
6.Qf3 Qc7 7.Qxa8 Bb7 8.Qxa7 e6 9.Be2 Nf6 10.Bf3 
Bb4+ 11.Bd2 1-0

[Event "HCL-B262"]
[Site "www.playchess.de"]
[Date "2001.04.02"]
[Round "20"]
[White "whatsleft2"]
[Black "Leno"]
[WhiteElo "1874"]
[BlackElo "1200"]
[PlyCount "52"]
[Result "0-1"]

1.e4 {goodluck}  e5 2.Nf3 Nc6 3.d4 exd4 4.c3 dxc3 
5.Bc4 Bc5 6.Bxf7+ Kxf7 7.Qd5+ Kf8 8.Qxc5+ d6 
9.Qxc3 Qf6 10.O-O Bg4 11.Bg5 Qxc3 12.Nxc3 Bxf3 
13.gxf3 Ne5 14.f4 Nf3+ 15.Kg2 Nxg5 16.fxg5 Ne7 
17.Nb5 Kf7 18.Nxc7 Rac8 19.Rac1 Kg6 20.f4 a6 21.h4 
Nc6 22.Ne6 Kf7 23.f5 Ne5 24.Rfd1 Nc4 25.Kf3 Ne5+ 
26.Kf4 Rxc1 0-1

[Event "ACL-A143"]
[Site "www.playchess.de"]
[Date "2001.04.02"]
[Round "10"]
[White "vijal"]
[Black "Zynaps"]
[WhiteElo "1056"]
[BlackElo "1791"]
[PlyCount "38"]
[Result "0-1"]

1.e4 c6 2.d4 d5 3.exd5 cxd5 4.Nf3 Bg4 5.c4 Nf6 
6.Nc3 Nc6 7.c5 Bxf3 8.gxf3 e5 9.Be3 exd4 10.Bxd4 
Qe7+ 11.Be2 O-O-O 12.O-O Nxd4 13.Qxd4 Qxc5 14.Rad1 
Kb8 15.Qf4+ Bd6 16.Qd2 Qc7 17.Qg5 Bxh2+ 18.Kh1 Bf4 
19.Qxg7 Qc8 0-1

[Event "HCL-C273"]
[Site "www.playchess.de"]
[Date "2001.04.02"]
[Round "8"]
[White "Toady"]
[Black "King_Slayer"]
[WhiteElo "743"]
[BlackElo "1075"]
[PlyCount "24"]
[Result "0-1"]

1.e4 e6 2.e5 d5 3.d4 c5 4.c3 Nc6 5.Nf3 Qb6 6.Bd3 
cxd4 7.cxd4 Nxd4 8.Be3 Nxf3+ 9.Qxf3 Qxb2 10.O-O 
Qxa1 11.Bg5 Qxa2 12.Nc3 Qb2 0-1

[Event "HCL-A109"]
[Site "www.playchess.de"]
[Date "2001.04.02"]
[Round "10"]
[White "Whatever"]
[Black "One_i"]
[WhiteElo "1544"]
[BlackElo "1706"]
[PlyCount "35"]
[Result "1/2-1/2"]

1.e4 {Welcome back stranger. Have a good game.}  
d5 {Good luck to you}  2.exd5 Nf6 3.d4 {Trying 
something else this time.}  Bg4 4.f3 Bf5 
{Everthing is going according to plan}  5.Bb5+ 
Nbd7 6.Nc3 a6 7.Ba4 b5 8.Bb3 Nb6 9.Nge2 Nbxd5 
10.O-O Nxc3 11.Nxc3 e6 12.Bg5 Be7 13.Ne2 O-O 14.c3 
c6 15.Ng3 Bg6 16.Re1 Qc7 17.Qe2 Rfe8 18.a4 {Draw?} 
 1/2-1/2

[Event "HCL-C272"]
[Site "www.playchess.de"]
[Date "2001.04.02"]
[Round "1"]
[White "TopHat"]
[Black "bigworm_13"]
[WhiteElo "1000"]
[BlackElo "1000"]
[PlyCount "31"]
[Result "1-0"]

1.d4 g6 2.Bf4 h6 3.e3 Bg7 4.Nf3 c5 5.Bb5 cxd4 
6.Nxd4 e5 7.Bg3 exd4 8.exd4 Nc6 9.c3 Nxd4 10.cxd4 
Qe7+ 11.Kf1 Qe4 12.Nc3 Qe6 13.d5 Qb6 14.Qe2+ Ne7 
15.Re1 a6 16.Qxe7+ 1-0

[Event "HCL-C268"]
[Site "www.playchess.de"]
[Date "2001.04.02"]
[Round "22"]
[White "olaf"]
[Black "Lukas"]
[WhiteElo "1447"]
[BlackElo "1000"]
[PlyCount "143"]
[Result "1-0"]

1.e4 c5 2.b4 cxb4 3.d4 e6 4.Bd2 d5 5.Bd3 Nc6 6.Nf3 
h6 7.c4 bxc3 8.Bxc3 Bb4 9.O-O Bxc3 10.Nxc3 Nge7 
11.Re1 O-O 12.a3 a6 13.Rb1 b5 14.e5 Bd7 15.Qc2 Ng6 
16.g3 Qe7 17.Rba1 f6 18.Bxg6 f5 19.Nh4 Nxd4 20.Qd3 
Nc6 21.Nd1 Rac8 22.Re3 Rc7 23.Nb2 Rfc8 24.Qd2 Be8 
25.Rae1 Na7 26.Nd3 Qxa3 27.Nf4 Qe7 28.Nxf5 exf5 
29.Nxd5 Qe6 30.Nxc7 Qxg6 31.Nxe8 Qxe8 32.Qd5+ Qf7 
33.Qxf7+ Kxf7 34.Rd3 Nc6 35.Rc1 Nxe5 36.Rxc8 Nxd3 
37.Rd8 Nb4 38.Rd4 Nc6 39.Rf4 Kf6 40.h4 g5 41.hxg5+ 
hxg5 42.Rf3 g4 43.Ra3 a5 44.Rc3 Nd4 45.Rc8 a4 
46.Kf1 b4 47.Rc4 Ke5 48.Rxb4 Ke4 49.Rxa4 Ke5 
50.Ke1 Ke4 51.Kd2 Ke5 52.Kd3 Nf3 53.Ra5+ Ke6 
54.Ke3 Ng5 55.Kf4 Nh3+ 56.Ke3 Ng5 57.Ra8 Ke5 
58.Re8+ Kf6 59.Kd4 Nh3 60.Re2 Ng1 61.Ra2 Nf3+ 
62.Kd5 Kf7 63.Ra6 Ke7 64.Kc4 Kf7 65.Kd3 Ne5+ 
66.Ke3 Ng6 67.Kd4 f4 68.Ke4 fxg3 69.fxg3 Ne7 
70.Kf4 Nd5+ 71.Kxg4 Nb4 72.Rb6 1-0

[Event "HCL-C268"]
[Site "www.playchess.de"]
[Date "2001.04.02"]
[Round "24"]
[White "hercos"]
[Black "Lukas"]
[WhiteElo "1001"]
[BlackElo "1000"]
[PlyCount "61"]
[Result "1-0"]

1.e4 {hallo, wie geht es Ihnen ?}  c5 {Hallo! 
Danke, mir geht es gut und Dir...?}  2.Nf3 {Ich 
bin sehr traurig,weil ich heute meine erste Partie 
verloren habe. I bloundered.Terrible misktake}  d6 
{Ich habe mich erst heute angemeldet. Du sprichst 
gut deutsch! Mein Englisch ist schlecht...}  3.d4 
{Was machst du ? Wie alt bist du ? Ich studiere 
Eletrotechnik an der Uni und bin 25 Jahre alt.}  
cxd4 {Ich werde bald 19 und bin zur Zeit 
Arbeitslos...}  4.Nxd4 {Aber in Deutscland ist es 
leicht, ein Arbeiten zu finden, nicht war ?}  Nf6 
{Es kommt darauf an was man machen möchte. Wir 
haben hier viele Arbeitlose. Ich bin noch 
freiwillig..}  5.Nc3 {Ich träume zukünftlich nach 
Deustchland zu ziehen}  a6 {Warum Deutschland?}  
6.f3 {Deutschland sieht aus wie ein shönes Land. 
Brasilien ist sehr sehr schlecht. Die Hölle ist 
besser.}  e6 {Wirklich so schlimm? Aber bestimmt 
nicht überall...}  7.g4 {Du wirst nie mich 
verstehen ... die Leute haben hierzulande keine 
Kultur und Bildung.}  h6 {Das kann sein, ich wohne 
weit weg und kenne Eure Probleme nicht. Spielst Du 
schon lange Schach?}  8.Be3 {seit 3 jahren. Ich 
wünsche ein GM zu werden. Gehst Du ins schachklub 
?}  b5 {Nein, ich spiele nur im Internet seit 
ungefähr einem Jahr. Vorher nur ganz selten...}  
9.Qd2 {In welche Städte wohnst du ?}  Be7 {Ich 
wohne in Mainz. Das ist in der nähe von Frankfurt 
am Main.}  10.O-O-O {Du spielst sehr gut. Wie 
stark bist du ?}  Bb7 {Ich kenne mein Elo-Wert 
nicht. Ich spiele hier gut, weil ich viel Theorie 
auswendig kenne...}  11.h4 {Wenn ich reflektiere, 
bin ich gut, aber meine Blitzpartien sind eine 
Katastrophe.}  Nc6 {Ich habe schon 2 Spiele 
verloren. Solche dummen Fehler!!! Manchmal hasse 
ich dieses Spiel... :(}  12.Nxc6 {Die Fehler 
gefallen mir ganz nichts.}  Bxc6 13.Ne2 Rc8 14.Nd4 
Bb7 15.Bh3 Nd7 16.g5 {Remis noch nicht. Die besten 
Scachspielern haben auch verloren !!}  Ne5 {Da 
hast Du recht! Aber mit einem halben Punkt wäre 
ich hier zufrieden...}  17.b3 Nxf3 18.Nxf3 Bxe4 
19.Nd4 Bxh1 20.Rxh1 {There is fire on board !!! Du 
spielst sehr gut. Weshalb hast du 2 Mals verloren 
?}  hxg5 {Jetzt 3 mal! Alles Fehler, weil ich zu 
schnell gespielt habe...}  21.Bxe6 fxe6 22.Nxe6 
Qd7 23.Nxg7+ Kf7 24.Rf1+ Kxg7 25.Bd4+ Kg6 26.Qd3+ 
Kh6 27.hxg5+ Bxg5+ 28.Kb1 Qc6 29.Qh3+ Kg6 30.Qe6+ 
Kh5 {Okay, ich habe verloren. Werde im nächsten 
Zug aufgeben. Danke für diese Partie!}  
31.Qf7+ 1-0

[Event "ACL-A027"]
[Site "www.playchess.de"]
[Date "2001.04.02"]
[Round "3"]
[White "Richiewitty"]
[Black "MarkusSSG"]
[WhiteElo "1500"]
[BlackElo "1500"]
[PlyCount "24"]
[Result "0-1"]

1.c4 c5 2.e3 g6 3.Nc3 Bg7 4.Nge2 d6 5.h3 Nc6 6.d4 
Nf6 7.dxc5 dxc5 8.Qxd8+ Kxd8 9.Bd2 Nb4 10.Rc1 Nd3+ 
11.Kd1 Nxf2+ 12.Ke1 Nxh1 0-1

[Event "ACL-A027"]
[Site "www.playchess.de"]
[Date "2001.04.02"]
[Round "4"]
[White "satura"]
[Black "Radost"]
[WhiteElo "1500"]
[BlackElo "1500"]
[PlyCount "46"]
[Result "0-1"]

1.c4 e5 2.Nc3 Nf6 3.g3 Bc5 4.Bg2 Nc6 5.e3 d6 
6.Nge2 O-O 7.O-O Bg4 8.h3 Bd7 9.d4 Bb6 10.Kh2 exd4 
11.exd4 a6 12.Bg5 Ng4+ 13.hxg4 Qxg5 14.f3 Qh6+ 
15.Bh3 Rae8 16.Kg2 Qe3 17.c5 Ba7 18.a3 dxc5 
19.dxc5 Ne5 20.Nd5 Nc4 21.Nxe3 Nxe3+ 22.Kh1 Nxd1 
23.Raxd1 Bb5 0-1

[Event "ACL-A027"]
[Site "www.playchess.de"]
[Date "2001.04.02"]
[Round "5"]
[White "Radost"]
[Black "Richiewitty"]
[WhiteElo "1500"]
[BlackElo "1500"]
[PlyCount "24"]
[Result "1-0"]

1.c4 c6 2.Nc3 e6 3.d4 Bb4 4.Nf3 Ne7 5.e4 Bxc3+ 
6.bxc3 Qa5 7.Qb3 O-O 8.Ba3 Qd8 9.e5 d5 10.exd6 e.p 
11.Nf5 d7 12.Nxd7 Bxf8 1-0

[Event "ACL-A027"]
[Site "www.playchess.de"]
[Date "2001.04.02"]
[Round "6"]
[White "MarkusSSG"]
[Black "Radost"]
[WhiteElo "1500"]
[BlackElo "1500"]
[PlyCount "35"]
[Result "1/2-1/2"]

1.d4 f5 2.Nf3 Nf6 3.Bf4 e6 4.e3 Be7 5.Nbd2 d6 
6.Bd3 b6 7.c3 Bb7 8.h3 O-O 9.Qc2 c5 10.O-O-O cxd4 
11.exd4 Qd7 12.Rde1 Nd5 13.Bg5 Nc6 14.Bxe7 Ncxe7 
15.Ng5 Nf4 16.Bc4 Rf6 17.Qb3 Bd5 
18.Bxd5 1/2-1/2

[Event "ACL-A027"]
[Site "www.playchess.de"]
[Date "2001.04.02"]
[Round "7"]
[White "tiberiuskirk"]
[Black "satura"]
[WhiteElo "1500"]
[BlackElo "1500"]
[PlyCount "44"]
[Result "0-1"]

1.e4 e6 2.d4 d5 3.Nc3 Nf6 4.Bg5 Bb4 5.a3 Bxc3+ 
6.bxc3 dxe4 7.Ne2 Qd5 8.Bxf6 gxf6 9.Nf4 Qa5 10.Qd2 
Bd7 11.Bc4 Bb5 12.Bb3 Nc6 13.c4 Ba6 14.c3 O-O-O 
15.O-O e5 16.Ne2 exd4 17.Rfd1 d3 18.Nf4 Qe5 19.Nd5 
Na5 20.Rab1 Nxb3 21.Rxb3 Bxc4 22.Rb4 
Bxd5 0-1

[Event "ACL-A027"]
[Site "www.playchess.de"]
[Date "2001.04.02"]
[Round "9"]
[White "tiberiuskirk"]
[Black "MarkusSSG"]
[WhiteElo "1500"]
[BlackElo "1500"]
[PlyCount "52"]
[Result "0-1"]

1.e4 e6 2.d4 d5 3.Nc3 Bb4 4.e5 Ne7 5.Qg4 Nf5 6.Bd3 
h5 7.Qf4 g5 8.Qxg5 Qxg5 9.Bxg5 Nxd4 10.Nge2 Nxe2 
11.Kxe2 Bxc3 12.bxc3 Rg8 13.h4 c5 14.c4 dxc4 
15.Bxc4 Bd7 16.f3 Nc6 17.f4 Nd4+ 18.Kd3 Bc6 
19.Rhg1 b5 20.c3 bxc4+ 21.Kxc4 Ne2 22.Rge1 Bd5+ 
23.Kxc5 Rc8+ 24.Kb4 Rc4+ 25.Kb5 Nxc3+ 26.Ka6 
Ra4+ 0-1

[Event "ACL-A027"]
[Site "www.playchess.de"]
[Date "2001.04.02"]
[Round "10"]
[White "Radost"]
[Black "tiberiuskirk"]
[WhiteElo "1500"]
[BlackElo "1500"]
[PlyCount "45"]
[Result "1-0"]

1.e4 c6 2.d4 d5 3.e5 Bf5 4.c3 e6 5.Be3 Nd7 6.Qb3 
Qc7 7.f4 c5 8.Nf3 Nh6 9.Nbd2 Ng4 10.Bg1 c4 11.Qd1 
Be7 12.h3 Nh6 13.g4 Be4 14.Nxe4 dxe4 15.Nd2 Bh4+ 
16.Bf2 Bxf2+ 17.Kxf2 f5 18.Bxc4 a6 19.Bxe6 Nf8 
20.Bxf5 g6 21.Bxe4 Ne6 22.Qb3 Rb8 
23.Qxe6+ 1-0

[Event "ACL-A027"]
[Site "www.playchess.de"]
[Date "2001.04.02"]
[Round "11"]
[White "satura"]
[Black "Peco"]
[WhiteElo "1500"]
[BlackElo "1500"]
[PlyCount "74"]
[Result "1/2-1/2"]

1.c4 e5 2.Nc3 Nf6 3.g3 Bb4 4.Bg2 O-O 5.e4 d6 
6.Nge2 Nc6 7.O-O Bc5 8.h3 h6 9.d3 Re8 10.Kh2 b6 
11.f4 a5 12.a4 Bb7 13.f5 Nd4 14.g4 Nd7 15.Nxd4 
Bxd4 16.Ne2 Bc5 17.Qe1 Nf8 18.f6 g5 19.h4 Nh7 
20.hxg5 hxg5 21.Rf5 Bc8 22.Rxg5+ Kh8 23.Rh5 Qxf6 
24.Bg5 Qf2 25.Qxf2 Bxf2 26.Rf1 Bxg4 27.Rxh7+ Kxh7 
28.Rxf2 Kg6 29.Be3 Reg8 30.Bf3 Rgh8+ 31.Kg2 Bh3+ 
32.Kg3 Rh7 33.Rh2 Rah8 34.Nc3 f5 35.exf5+ Bxf5 
36.Rxh7 Rxh7 37.Ne4 Bd7 1/2-1/2

[Event "ACL-A027"]
[Site "www.playchess.de"]
[Date "2001.04.02"]
[Round "12"]
[White "Peco"]
[Black "Richiewitty"]
[WhiteElo "1500"]
[BlackElo "1500"]
[PlyCount "25"]
[Result "1-0"]

1.d4 c6 2.e4 d5 3.e5 e6 4.Nf3 Qb6 5.c4 Qb4+ 6.Nc3 
dxc4 7.a3 Qe7 8.Bxc4 h6 9.Ne4 Nd7 10.Nd6+ Kd8 
11.Bd3 Nc5 12.Bg6 fxg6 13.Nf7+ 1-0

[Event "ACL-A027"]
[Site "www.playchess.de"]
[Date "2001.04.02"]
[Round "13"]
[White "MarkusSSG"]
[Black "Peco"]
[WhiteElo "1500"]
[BlackElo "1500"]
[PlyCount "34"]
[Result "1/2-1/2"]

1.d4 d5 2.Bf4 Nf6 3.Nf3 e6 4.e3 c5 5.c3 Nc6 6.Nbd2 
Bd6 7.Bg3 O-O 8.Bd3 Re8 9.Ne5 Bxe5 10.dxe5 Nd7 
11.Qc2 Ndxe5 12.Bxh7+ Kh8 13.Bd3 Nxd3+ 14.Qxd3 e5 
15.O-O-O Be6 16.h4 d4 17.a3 dxc3 1/2-1/2